00693 2200229 4500001002100000005001500021035002000036007000300056008004100059082001100100084001700111100001600128245009700144250001100241260005700252300003400309856002000343990002500363990002500388990002500413990002500438INLIS00000000069180020200218121821 a0010-0220000364ta200218 g m ind  a920.03 a920.03 HAS p0 aHasan Basri1 aPangeran Jagapati Wong Agung wilis Sayu Wiwit :bTiga Pejuang Dari Blambangan /cHasan Basri aCet. 1 aBanyuwangi :bPemerintah Kabupaten Banyuwangi,c2006 av, 107 Hlm :bIlus ;c20,5 cm aRuang Baca Umum a00200809/DPKBWI/2020 a00500757/DPKBWI/2020 a00500758/DPKBWI/2020 a00500759/DPKBWI/2020